Mikrobiálna produkcia extracelulárnej lipázy

Gespeichert in:
Bibliographische Detailangaben
1. Verfasser: Sokolovská, Ivana (Verfasst von)
Format: Manuskript Buch
Sprache:Slowakisch
Veröffentlicht: Bratislava : STU v Bratislave ChtF, 1999
Ausgabe:Obháj.: 13.10.1999
Tags: Tag hinzufügen
Keine Tags, Fügen Sie das erste Tag hinzu!

MARC

LEADER 00000ntm a22000003a 4500
001 stu53323
005 20150617225707.2
008 000427s1999----xo------------------slo-d
040 |a STU  |b slo 
041 0 |a slo 
044 |a xo 
080 |a 547.915(043.3) 
100 1 |a Sokolovská, Ivana  |4 aut 
245 1 |a Mikrobiálna produkcia extracelulárnej lipázy 
250 |a Obháj.: 13.10.1999 
260 |a Bratislava :  |b STU v Bratislave ChtF,  |c 1999 
300 |a 145 s. Obr.,tab.,grafy,lit 
500 |a Katedra chemického a biochemického inžinierstva 
996 |b 284C016450  |c C*KD425  |l CCI  |s A  |a 24  |w stu53323_0001